[Event "PRO League KO Stage 2017"]
[Site "chess.com INT"]
[Date "2017.03.01"]
[Round "1"]
[White "Kovalenko, Igor"]
[Black "Dudukin, Ilya"]
[Result "0-1"]
[WhiteTitle "GM"]
[BlackTitle "FM"]
[WhiteElo "2672"]
[BlackElo "2396"]
[WhiteTeam "Riga Magicians"]
[BlackTeam "Gorky Stormbringers"]
[WhiteFideId "14117908"]
[BlackFideId "4148576"]
[EventDate "2017.03.01"]

1. c4 d6 2. Nc3 e5 3. g3 f5 4. Bg2 Nf6 5. b4 g6 6. d3 Bg7 7. Qb3 O-O 8. Ba3 Kh8
9. Rc1 Nc6 10. e3 f4 11. b5 Ne7 12. e4 Ng4 13. Nf3 Bh6 14. Rc2 a6 15. b6 c5 16.
Bc1 Nc6 17. h3 fxg3 18. hxg4 gxf2+ 19. Kd1 Bxg4 20. Bxh6 Bxf3+ 21. Bxf3 Rxf3 22.
Rf1 Qh4 23. Qb2 Qxh6 24. Rcxf2 Rxd3+ 25. Kc2 Qh3 26. Nd5 Nd4+ 27. Kb1 Rf3 28.
Rxf3 Nxf3 29. Rd1 Rf8 30. Qf2 Kg7 31. Qe3 Qg4 32. Qe2 h5 33. Nc7 Kh6 34. Rxd6
Nd4 35. Qe3+ Qf4 36. Nd5 Qxe3 37. Nxe3 Kg5 38. Rd7 Rb8 39. Kc1 Kf4 40. Nd5+ Kxe4
41. Rg7 h4 42. Kd2 g5 43. Rf7 Nf3+ 44. Ke2 g4 45. Nf6+ Kf5 46. Nd7+ Ke6 47. Rg7
Rh8 48. Nxc5+ Kf5 49. Nd3 h3 50. Nf2 h2 51. Nh1 Nd4+ 52. Kf2 Rh3 53. Rf7+ Ke4
54. Rxb7 Ra3 55. Rh7 Rxa2+ 56. Kg3 Nf5+ 57. Kxg4 Rg2+ 58. Kh3 Kf3 59. Rf7 Rg5
60. Kxh2 e4 61. b7 e3 62. b8=Q Rh5+ 63. Kg1 Rg5+ 64. Ng3 Rxg3+ 65. Kh2 Rg2+ 66.
Kh1 Rg5 67. Qb7+ Kf2 68. Rh7 e2 69. Rh2+ Kf1 0-1

[Event "PRO League KO Stage 2017"]
[Site "chess.com INT"]
[Date "2017.03.01"]
[Round "1"]
[White "Kovalenko, Igor"]
[Black "Gorozhanin, Mikhail"]
[Result "1-0"]
[WhiteTitle "GM"]
[BlackTitle "FM"]
[WhiteElo "2672"]
[BlackElo "2419"]
[WhiteTeam "Riga Magicians"]
[BlackTeam "Gorky Stormbringers"]
[WhiteFideId "14117908"]
[BlackFideId "4178262"]
[EventDate "2017.03.01"]

1. d3 d5 2. Nf3 Nf6 3. g3 c6 4. Bg2 Bf5 5. O-O e6 6. c4 Nbd7 7. Nc3 h6 8. Be3
Be7 9. Qb3 Qc8 10. Rac1 O-O 11. Nd4 Bh7 12. cxd5 exd5 13. Nxd5 Nxd5 14. Bxd5 Nc5
15. Qd1 cxd5 16. b4 b6 17. Nb3 d4 18. Nxd4 Qd7 19. bxc5 Bxc5 20. Nc2 Be7 21. Nd4
Bc5 22. Nf3 Bxe3 23. fxe3 Rae8 24. e4 f5 25. exf5 Bxf5 26. Rc4 Bh3 27. Rf2 b5
28. Rd4 Qc7 29. Rh4 Be6 30. a4 bxa4 31. Rxa4 Bd5 32. e4 Bc6 33. Qb3+ Kh7 34. Rc4
Qd6 35. Qc3 Bd7 36. Qd4 Qxd4 37. Rxd4 Bh3 38. Ra4 Rc8 39. Ra1 Rf6 40. Ne1 Rcf8
41. Raa2 a5 42. Rxf6 Rxf6 43. Ng2 Rb6 44. Nf4 Rb1+ 45. Kf2 Bg4 46. h3 Bd7 47.
Rxa5 Rb2+ 48. Ke3 Be8 49. Ra7 Rb6 50. h4 Kg8 51. e5 g5 52. hxg5 hxg5 53. Nd5 Re6
54. Nf6+ Kf8 55. d4 Bf7 56. Ke4 Rc6 57. Kf5 g4 58. Kxg4 Be6+ 59. Kg5 Rc4 60. d5
Bxd5 61. Nxd5 Rc5 62. Rd7 Ke8 63. Nf6+ Kf8 64. Kg6 Rc6 65. Rf7# 1-0

[Event "PRO League KO Stage 2017"]
[Site "chess.com INT"]
[Date "2017.03.01"]
[Round "1"]
[White "Dreev, Aleksey"]
[Black "Stukopin, Andrey"]
[Result "1-0"]
[WhiteTitle "GM"]
[BlackTitle "GM"]
[WhiteElo "2651"]
[BlackElo "2587"]
[WhiteTeam "San Diego Surfers"]
[BlackTeam "Rio Grande Ospreys"]
[WhiteFideId "4100107"]
[BlackFideId "24107131"]
[EventDate "2017.03.01"]

1. d4 d5 2. c4 dxc4 3. Nf3 Nf6 4. e3 e6 5. Bxc4 a6 6. O-O c5 7. b3 Nc6 8. Bb2
Be7 9. dxc5 Qxd1 10. Rxd1 Bxc5 11. Nbd2 Bd7 12. Rac1 Be7 13. Be2 b5 14. Ne5 Nxe5
15. Bxe5 Ba3 16. Rc2 Rc8 17. Rxc8+ Bxc8 18. Bf3 Ke7 19. Nb1 Bc5 20. Rc1 Bd6 21.
Bxd6+ Kxd6 22. Kf1 Bd7 23. Ke1 a5 24. Rd1+ Kc7 25. a3 b4 26. Rc1+ Kb6 27. axb4
axb4 28. Nd2 Bb5 29. Nc4+ Bxc4 30. Rxc4 Nd5 31. Bxd5 exd5 32. Rxb4+ Kc6 33. Kd2
Re8 34. Kc3 Re5 35. Rg4 g6 36. Rf4 f5 37. Ra4 Re7 38. h4 Kb5 39. Kd4 f4 40. exf4
Re2 41. Kxd5 Rxf2 42. Ra7 h5 43. g3 Rf3 44. Rb7+ Ka6 45. Rg7 Rd3+ 46. Ke6 Rxg3
47. Kf6 Kb5 48. Rxg6 Rxb3 49. f5 Kc6 50. Kg7+ Kd7 51. Rg5 Rf3 52. Rxh5 Ke7 53.
Rg5 Ra3 54. f6+ 1-0

[Event "PRO League KO Stage 2017"]
[Site "chess.com INT"]
[Date "2017.03.01"]
[Round "1"]
[White "Dreev, Aleksey"]
[Black "Vazquez, Guillermo"]
[Result "1/2-1/2"]
[WhiteTitle "GM"]
[BlackTitle "IM"]
[WhiteElo "2651"]
[BlackElo "2436"]
[WhiteTeam "San Diego Surfers"]
[BlackTeam "Rio Grande Ospreys"]
[WhiteFideId "4100107"]
[BlackFideId "3702308"]
[EventDate "2017.03.01"]

1. d4 Nf6 2. Nf3 e6 3. c4 d5 4. Nc3 dxc4 5. Qa4+ c6 6. Qxc4 b5 7. Qd3 a6 8. e4
c5 9. dxc5 Bxc5 10. Qxd8+ Kxd8 11. Bd3 Nbd7 12. Bf4 Bb7 13. Rd1 Ke7 14. O-O Rac8
15. Rfe1 h6 16. a3 Rhd8 17. h3 Nb6 18. Be5 Nbd7 19. Bf4 Nb6 20. Be5 Nbd7 21. Bf4 1/2-1/2

[Event "PRO League KO Stage 2017"]
[Site "chess.com INT"]
[Date "2017.03.01"]
[Round "1"]
[White "Dudukin, Ilya"]
[Black "Neiksans, Arturs"]
[Result "0-1"]
[WhiteTitle "FM"]
[BlackTitle "GM"]
[WhiteElo "2396"]
[BlackElo "2613"]
[WhiteTeam "Gorky Stormbringers"]
[BlackTeam "Riga Magicians"]
[WhiteFideId "4148576"]
[BlackFideId "11601388"]
[EventDate "2017.03.01"]

1. Nf3 Nf6 2. c4 e6 3. Nc3 b6 4. e4 Bb7 5. e5 Ne4 6. Bd3 Ng5 7. Be2 Nxf3+ 8.
Bxf3 Bxf3 9. Qxf3 Nc6 10. Qe4 Bc5 11. d3 Bd4 12. Bf4 O-O 13. O-O Qh4 14. Rae1 a6
15. Re2 Rfb8 16. a4 Rf8 17. Bg3 Qxe4 18. Rxe4 Rac8 19. Rb1 f5 20. exf6 Bxf6 21.
f3 Nd4 22. Bh4 Nb3 23. Bxf6 gxf6 24. Rd1 f5 25. Ree1 Nd4 26. Kf2 Rb8 27. Rb1 b5
28. b3 Rb7 29. axb5 axb5 30. Ne2 Nc2 31. Red1 Ra8 32. Rd2 Nb4 33. Nc3 c6 34.
cxb5 cxb5 35. d4 Rc8 36. Na2 Nd5 37. Nc1 Rbc7 38. Nd3 d6 39. Rbb2 Kf7 40. Ne1
Rc3 41. Nd3 Kf6 42. Ne1 Ra8 43. Rdc2 b4 44. Ke2 Ra3 45. Rxc3 bxc3 46. Rb1 Ra2+
47. Kd3 Rd2+ 48. Kc4 c2 49. Ra1 Nf4 50. Kc3 Re2 51. b4 Ke7 52. b5 Kd7 53. Ra7+
Kc8 54. Nxc2 Rxg2 55. Rxh7 Nd5+ 56. Kb3 Rf2 57. Rh3 Kb7 58. Nb4 Nc7 59. Ka4 Kb6
60. d5 e5 61. Rh6 Nxb5 62. h4 Rxf3 63. h5 Ra3# 0-1

[Event "PRO League KO Stage 2017"]
[Site "chess.com INT"]
[Date "2017.03.01"]
[Round "1"]
[White "Dudukin, Ilya"]
[Black "Klimakovs, Sergejs"]
[Result "1/2-1/2"]
[WhiteTitle "FM"]
[BlackTitle "FM"]
[WhiteElo "2396"]
[BlackElo "2300"]
[WhiteTeam "Gorky Stormbringers"]
[BlackTeam "Riga Magicians"]
[WhiteFideId "4148576"]
[BlackFideId "11602066"]
[EventDate "2017.03.01"]

1. Nf3 d5 2. d4 Nf6 3. c4 c6 4. Nc3 e6 5. cxd5 exd5 6. Bg5 Be7 7. Qc2 O-O 8. e3
Be6 9. Bd3 Nbd7 10. O-O Re8 11. h3 Rc8 12. Rac1 h6 13. Bf4 c5 14. dxc5 Nxc5 15.
Nd4 a6 16. Rfd1 Nce4 17. Qb3 Nc5 18. Qc2 Nce4 19. Bxe4 Nxe4 20. Qd3 Nc5 21. Qb1
Qb6 22. Nxe6 fxe6 23. Bxh6 Bf6 24. Bf4 Bxc3 25. Rxc3 Ne4 26. Rxc8 Rxc8 27. Be5
Qc5 28. Bc3 Nxc3 29. bxc3 Qxc3 30. Qxb7 Qc2 31. Rd4 Rf8 32. f3 Qe2 33. Qb3 Qe1+
34. Kh2 Rxf3 35. gxf3 Qf2+ 36. Kh1 Qf1+ 37. Kh2 Qf2+ 38. Kh1 Qf1+ 39. Kh2 Qf2+
40. Kh1 1/2-1/2

[Event "PRO League KO Stage 2017"]
[Site "chess.com INT"]
[Date "2017.03.01"]
[Round "1"]
[White "Izoria, Zviad"]
[Black "Toolin, Christopher"]
[Result "1-0"]
[WhiteTitle "GM"]
[WhiteElo "2594"]
[BlackElo "2189"]
[WhiteTeam "San Jose Hackers"]
[BlackTeam "Dallas Destiny"]
[WhiteFideId "13601733"]
[BlackFideId "2024543"]
[EventDate "2017.03.01"]

1. g3 Nf6 2. Bg2 d5 3. Nf3 c6 4. c4 e6 5. O-O Be7 6. d4 O-O 7. Bf4 Nbd7 8. Nc3
b6 9. Rc1 Ba6 10. cxd5 Nxd5 11. Qc2 Nxf4 12. gxf4 Qc7 13. d5 Qxf4 14. dxc6 Nf6
15. Rfd1 Rac8 16. e3 Qh6 17. Qa4 Bc5 18. Qxa6 Rxc6 19. Na4 Ne4 20. Nxc5 Nxc5 21.
Qb5 Rcc8 22. b4 1-0

[Event "PRO League KO Stage 2017"]
[Site "chess.com INT"]
[Date "2017.03.01"]
[Round "1"]
[White "Xiong, Jeffery"]
[Black "Viswanadha, Kesav"]
[Result "1-0"]
[WhiteTitle "GM"]
[BlackTitle "IM"]
[WhiteElo "2674"]
[BlackElo "2364"]
[WhiteTeam "Dallas Destiny"]
[BlackTeam "San Jose Hackers"]
[WhiteFideId "2047640"]
[BlackFideId "2059533"]
[EventDate "2017.03.01"]

1. Nf3 Nf6 2. c4 e6 3. Nc3 Bb4 4. Qc2 O-O 5. a3 Bxc3 6. Qxc3 a5 7. b3 d6 8. Bb2
e5 9. e3 c5 10. Be2 Nc6 11. O-O Bg4 12. h3 Bh5 13. d3 Re8 14. Rae1 Rc8 15. Qc2
Qd7 16. Kh1 b6 17. Qb1 Qb7 18. Kh2 Qc7 19. Kg1 Qd7 20. Bc3 Rb8 21. Qa1 Qc7 22.
g4 Bg6 23. Nh4 Qe7 24. Bf3 Rbc8 25. Nxg6 hxg6 26. Bg2 Nd7 27. f4 Qh4 28. Qd1 Nd8
29. Qf3 Qe7 30. Qg3 g5 31. Bd5 Nf6 32. Bg2 Nd7 33. Kh1 Kh7 34. Bd5 Rh8 35. fxg5
Qxg5 36. Bxf7 Nxf7 37. Rxf7 Nf6 38. Rf1 Kg8 39. Rb7 Qxg4 40. Qxg4 Nxg4 41. Rf3
Nf6 42. Rxb6 e4 43. Rg3 Rh6 44. Rxd6 Rf8 45. dxe4 Kh7 46. Kg2 Rf7 47. Bxf6 Rfxf6
48. Rxf6 Rxf6 49. Rg5 Re6 50. Rxc5 Rxe4 51. Rxa5 Rxe3 52. Rb5 Rc3 53. a4 Rc2+
54. Kg3 Rc3+ 55. Kg4 Rc1 56. a5 Rg1+ 57. Kf3 Rh1 58. Kg2 Ra1 59. b4 Ra2+ 60. Kg3
Ra3+ 61. Kg4 Rc3 62. c5 Rc4+ 63. Kg5 Rc3 64. a6 Rxh3 65. a7 Ra3 66. Ra5 Rg3+ 67.
Kf4 Rg6 68. a8=Q 1-0

[Event "PRO League KO Stage 2017"]
[Site "chess.com INT"]
[Date "2017.03.01"]
[Round "1"]
[White "Sheng, Joshua"]
[Black "Stukopin, Andrey"]
[Result "1-0"]
[WhiteTitle "IM"]
[BlackTitle "GM"]
[WhiteElo "2375"]
[BlackElo "2587"]
[WhiteTeam "San Diego Surfers"]
[BlackTeam "Rio Grande Ospreys"]
[WhiteFideId "2057360"]
[BlackFideId "24107131"]
[EventDate "2017.03.01"]

1. d4 Nf6 2. Nc3 d5 3. Bf4 g6 4. f3 Bg7 5. Qd2 O-O 6. O-O-O Nc6 7. Bh6 Re8 8.
Bxg7 Kxg7 9. g4 e5 10. dxe5 Nxe5 11. e4 c6 12. exd5 cxd5 13. g5 Nh5 14. f4 Nc6
15. Nxd5 Be6 16. c4 Bxd5 17. cxd5 Ne7 18. Bb5 Qc7+ 19. Kb1 Red8 20. d6 Qc5 21.
Ba4 Nf5 22. d7 b5 23. Bb3 a5 24. Nf3 a4 25. Qd5 Qe7 26. Rhe1 Qxd7 27. Qe5+ f6
28. Rxd7+ Rxd7 29. gxf6+ Nxf6 30. Be6 Re7 31. Nd4 Nxd4 32. Qxd4 Rae8 33. f5 1-0

[Event "PRO League KO Stage 2017"]
[Site "chess.com INT"]
[Date "2017.03.01"]
[Round "1"]
[White "Ruiz Castillo, Joshua Daniel"]
[Black "Dreev, Aleksey"]
[Result "0-1"]
[WhiteTitle "IM"]
[BlackTitle "GM"]
[WhiteElo "2343"]
[BlackElo "2651"]
[WhiteTeam "Rio Grande Ospreys"]
[BlackTeam "San Diego Surfers"]
[WhiteFideId "4400704"]
[BlackFideId "4100107"]
[EventDate "2017.03.01"]

1. e4 g6 2. d4 Bg7 3. Nc3 d6 4. Be3 a6 5. a4 Nc6 6. Nge2 e5 7. h3 Nf6 8. d5 Ne7
9. g4 c6 10. a5 O-O 11. Bg2 cxd5 12. Bb6 Qe8 13. exd5 Bd7 14. Ng3 Bb5 15. g5 Nd7
16. Nxb5 axb5 17. Be3 f5 18. gxf6 Nxf6 19. Qd3 Kh8 20. Ne4 Nf5 21. Nxf6 Bxf6 22.
Bd2 Rc8 23. O-O Rc4 24. c3 Qd7 25. Be4 Nh4 26. Kh2 Bg7 27. f3 Rcc8 28. Rg1 Rf7
29. Rg4 Bf6 30. Be1 Nf5 31. Ra3 Nh6 32. Rg2 Rc4 33. a6 bxa6 34. Rxa6 Rf8 35. Rc6
Ra4 36. Qxb5 Ra1 37. Bd2 Nf7 38. Qd3 Rg8 39. Ra6 Rxa6 40. Qxa6 Qe7 41. b4 Bg5
42. Qe2 Rc8 43. b5 Bf4+ 44. Bxf4 exf4 45. b6 Ne5 46. Qb5 Qb7 47. Ra2 Rb8 48. Ra6
Qe7 49. Qf1 Qd8 50. Qg1 Nd7 51. Qd4+ Ne5 52. Qf2 Kg8 53. Bc2 Qc8 54. Ra4 Qxc3
55. Rxf4 Qb2 56. Qg2 Qxb6 57. h4 Qe3 58. Rf6 Rb2 59. h5 Qh6 60. Rxd6 Qxh5+ 61.
Kg1 Nxf3+ 62. Kf1 Nh2+ 63. Kg1 Nf3+ 64. Kf1 Nd4 65. Rd8+ Kg7 66. Qf2 Qh1+ 67.
Qg1 Qxg1+ 68. Kxg1 Rxc2 69. d6 Rd2 70. Rc8 Nf5 71. Rc7+ Kf6 72. d7 h5 73. Rc6+
Kf7 74. Rc7 Ke7 75. Rc6 Nh4 76. Rc4 Nf3+ 0-1

[Event "PRO League KO Stage 2017"]
[Site "chess.com INT"]
[Date "2017.03.01"]
[Round "1"]
[White "Ruiz Castillo, Joshua Daniel"]
[Black "Hilby, Craig"]
[Result "0-1"]
[WhiteTitle "IM"]
[BlackTitle "FM"]
[WhiteElo "2343"]
[BlackElo "2380"]
[WhiteTeam "Rio Grande Ospreys"]
[BlackTeam "San Diego Surfers"]
[WhiteFideId "4400704"]
[BlackFideId "2062674"]
[EventDate "2017.03.01"]

1. e4 e5 2. Nf3 Nc6 3. Bb5 a6 4. Ba4 d6 5. O-O Bg4 6. c3 Qf6 7. d3 Ne7 8. Nbd2
g5 9. Re1 Bd7 10. Nf1 g4 11. N3d2 h5 12. Nc4 b5 13. Nce3 bxa4 14. Qxa4 h4 15.
Qd1 Rg8 16. b4 Bh6 17. a4 Bf4 18. g3 hxg3 19. fxg3 Bh6 20. Bd2 Qg6 21. b5 Nd8
22. bxa6 Ne6 23. Ng2 Bxd2 24. Qxd2 Rxa6 25. d4 Ng5 26. Nh4 Qf6 27. a5 Ng6 28.
Qd3 Nxh4 29. gxh4 Nh3+ 0-1

[Event "PRO League KO Stage 2017"]
[Site "chess.com INT"]
[Date "2017.03.01"]
[Round "1"]
[White "Tan, Justin2"]
[Black "Kazhgaleyev, Murtas"]
[Result "1/2-1/2"]
[WhiteTitle "IM"]
[BlackTitle "GM"]
[WhiteElo "2453"]
[BlackElo "2594"]
[WhiteTeam "London Lions"]
[BlackTeam "Cannes Blockbusters"]
[WhiteFideId "3206882"]
[BlackFideId "13700316"]
[EventDate "2017.03.01"]

1. e4 e6 2. d4 d5 3. Nc3 Bb4 4. exd5 exd5 5. Bd3 c6 6. Ne2 Nf6 7. O-O Nbd7 8. a3
Be7 9. Ng3 Nf8 10. Nf5 Bxf5 11. Bxf5 Ng6 12. Re1 O-O 13. g3 Bd6 14. Qd3 Re8 15.
Bg5 Rxe1+ 16. Rxe1 Nf8 17. h4 h6 18. Bd2 Qb6 19. Na4 Qc7 20. b4 Re8 21. Rxe8
Nxe8 22. Qf3 Qe7 23. Nc5 Nf6 24. Qe3 Qc7 25. Kg2 b6 26. Nd3 N8d7 27. Qe2 c5 28.
bxc5 bxc5 29. Bxd7 Qxd7 30. dxc5 Bf8 31. Bc3 Ne4 32. Bd4 Qa4 33. Nb4 Nxc5 34.
Qe3 Ne6 35. Bxa7 Bxb4 36. axb4 Qxb4 37. c3 Qg4 38. Bd4 Qf5 39. Qe5 Qxe5 40. Bxe5
f6 41. Bd6 h5 42. Kf3 Kf7 43. Ke3 g6 44. f3 g5 45. hxg5 fxg5 46. Kd3 Kg6 47. c4
dxc4+ 48. Kxc4 Kf5 49. Kd3 g4 50. Ke3 Ng5 51. fxg4+ Kxg4 52. Bf4 Ne6 53. Kf2
Nxf4 54. gxf4 Kxf4 55. Kg2 h4 56. Kh3 Ke5 57. Kg4 1/2-1/2

[Event "PRO League KO Stage 2017"]
[Site "chess.com INT"]
[Date "2017.03.01"]
[Round "1"]
[White "Kiewra, Keaton F"]
[Black "Ruiz Castillo, Joshua Daniel"]
[Result "1/2-1/2"]
[WhiteTitle "IM"]
[BlackTitle "IM"]
[WhiteElo "2429"]
[BlackElo "2343"]
[WhiteTeam "San Diego Surfers"]
[BlackTeam "Rio Grande Ospreys"]
[WhiteFideId "2019280"]
[BlackFideId "4400704"]
[EventDate "2017.03.01"]

1. d4 Nf6 2. Nf3 e6 3. e3 b6 4. Bd3 c5 5. O-O Bb7 6. c4 Be7 7. Nc3 cxd4 8. exd4
d5 9. Bg5 O-O 10. Rc1 h6 11. Bh4 dxc4 12. Bxc4 Nc6 13. a3 Rc8 14. Ba2 Na5 15.
Ne5 Nc6 16. Nxc6 Bxc6 17. Qd3 Qd7 18. Bb1 g6 19. Rfe1 Ba8 20. Ba2 Kg7 21. Bg3
Rfd8 22. Be5 Kh7 23. Qh3 b5 24. Re3 a5 25. Rce1 b4 26. axb4 axb4 27. Ne2 Rc2 28.
Nf4 Rxb2 29. Bc4 Ne4 30. d5 Nxf2 31. Qg3 Ne4 32. Rxe4 Bc5+ 33. Kh1 Bf2 34. Bxb2
Bxg3 35. hxg3 exd5 36. Re7 dxc4 37. Rxd7 Rxd7 38. Bf6 g5 39. Nh5 Kg6 40. g4 Rd2
41. Re8 Bxg2+ 42. Kg1 Bf3 43. Rg8+ Kh7 44. Rg7+ Kh8 45. Rxg5+ Kh7 46. Rg7+ Kh8
47. Rg6+ Kh7 48. Rg7+ Kh8 49. Rxf7+ Kg8 50. Rg7+ Kf8 51. Rc7 Bxg4 52. Nf4 c3 53.
Re7 Bf5 54. Rc7 c2 55. Bb2 b3 56. Kf1 Rd1+ 57. Ke2 Rb1 58. Ba3+ Ke8 59. Nd5 b2
60. Bxb2 Rxb2 61. Kd2 Rb1 62. Ne3 Be4 63. Rc4 c1=Q+ 64. Rxc1 Rxc1 65. Kxc1 Kf7
66. Kd2 Kg6 67. Ke1 Kg5 68. Kf2 Kf4 69. Ng2+ Kg4 70. Ne3+ Kh3 71. Nc4 h5 72. Nd2
Bd5 73. Nf3 Kg4 74. Ne5+ Kf5 75. Nf3 Kf4 76. Nh4 Be4 77. Ng2+ Kg4 78. Ne3+ Kh3
79. Nc4 h4 80. Nd2 Bd5 81. Nf3 Bxf3 82. Kxf3 Kh2 83. Kf2 h3 84. Kf1 Kg3 85. Kg1
h2+ 86. Kh1 Kh3 1/2-1/2

[Event "PRO League KO Stage 2017"]
[Site "chess.com INT"]
[Date "2017.03.01"]
[Round "1"]
[White "Arkell, Keith C"]
[Black "Van Wely, Loek"]
[Result "0-1"]
[WhiteTitle "GM"]
[BlackTitle "GM"]
[WhiteElo "2408"]
[BlackElo "2668"]
[WhiteTeam "London Towers"]
[BlackTeam "Amsterdam Mosquitos"]
[WhiteFideId "400270"]
[BlackFideId "1000268"]
[EventDate "2017.03.01"]

1. d4 Nf6 2. Nf3 d5 3. c4 e6 4. cxd5 exd5 5. Nc3 c6 6. Bg5 Bf5 7. e3 Nbd7 8. Bd3
Bg6 9. O-O Be7 10. Bxg6 hxg6 11. h3 Nf8 12. Bxf6 gxf6 13. e4 dxe4 14. Nxe4 Ne6
15. Nc3 Nf4 16. Qd2 Bd6 17. Rfe1+ Kf8 18. Re4 g5 19. Rae1 Qd7 20. Kf1 Nxg2 21.
Nxg5 Nxe1 22. h4 fxg5 23. Qxg5 Nf3 24. Qf6 Nh2+ 25. Ke2 Rh5 26. f3 Be7 27. Qf4
Rxh4 28. Qe5 Rh7 29. Qf4 Re8 30. Kd3 Qh3 31. Re3 Rh4 32. Qc7 Qf5+ 0-1

[Event "PRO League KO Stage 2017"]
[Site "chess.com INT"]
[Date "2017.03.01"]
[Round "1"]
[White "Arkell, Keith C"]
[Black "Van der Lende, Ilias"]
[Result "1-0"]
[WhiteTitle "GM"]
[BlackTitle "FM"]
[WhiteElo "2408"]
[BlackElo "2355"]
[WhiteTeam "London Towers"]
[BlackTeam "Amsterdam Mosquitos"]
[WhiteFideId "400270"]
[BlackFideId "1019260"]
[EventDate "2017.03.01"]

1. d4 d5 2. Nf3 e6 3. c4 c6 4. cxd5 cxd5 5. Nc3 Nf6 6. Bg5 Be7 7. e3 O-O 8. Bd3
Nbd7 9. O-O a6 10. Rc1 b5 11. a4 b4 12. Ne2 Bb7 13. Bxf6 Nxf6 14. Ne5 Bd6 15. f4
Ne4 16. Bxe4 dxe4 17. Nc4 Rc8 18. Nxd6 Qxd6 19. Qd2 Bc6 20. Rc5 Rb8 21. b3 Bd5
22. Qc2 f5 23. Rc1 h6 24. h4 Qe7 25. g3 Qf7 26. Kf2 Qh5 27. Ng1 g5 28. hxg5 hxg5
29. fxg5 Qh2+ 30. Kf1 Qxg3 31. Qf2 Qxf2+ 32. Kxf2 Bxb3 33. Rb1 Bxa4 34. Ne2 b3
35. Nf4 Rfc8 36. Nxe6 Bd7 37. Rxc8+ Rxc8 38. Nc5 Bb5 39. Rxb3 Kf7 40. Kg3 Kg6
41. Kf4 Rh8 42. Ne6 Bd7 43. Rb6 Kf7 44. Nc5 Bc8 45. Rc6 a5 46. g6+ Kg7 47. Kg5
Rf8 48. Rc7+ Kg8 49. Kh6 f4 50. Rg7+ Kh8 51. Re7 f3 52. g7+ Kg8 53. gxf8=Q+ Kxf8
54. Rxe4 1-0

[Event "PRO League KO Stage 2017"]
[Site "chess.com INT"]
[Date "2017.03.01"]
[Round "1"]
[White "Viswanadha, Kesav"]
[Black "Li, Ruifeng"]
[Result "0-1"]
[WhiteTitle "IM"]
[BlackTitle "IM"]
[WhiteElo "2364"]
[BlackElo "2577"]
[WhiteTeam "San Jose Hackers"]
[BlackTeam "Dallas Destiny"]
[WhiteFideId "2059533"]
[BlackFideId "2061074"]
[EventDate "2017.03.01"]

1. e4 c5 2. Nf3 d6 3. d4 cxd4 4. Nxd4 Nf6 5. Nc3 a6 6. Be3 e5 7. Nb3 Be6 8. Be2
Be7 9. O-O Nbd7 10. Qd3 O-O 11. Nd5 Bxd5 12. exd5 Ne8 13. Bg4 g6 14. Bxd7 Qxd7
15. c4 Ng7 16. f3 Nf5 17. Bf2 Rac8 18. Rac1 Bg5 19. Rc2 Rfd8 20. Rd1 Qa4 21. a3
h5 22. Nd2 b5 23. b4 Be3 24. Rdc1 bxc4 25. Rxc4 Rxc4 26. Rxc4 Qd1+ 0-1

[Event "PRO League KO Stage 2017"]
[Site "chess.com INT"]
[Date "2017.03.01"]
[Round "1"]
[White "Van Wely, Loek"]
[Black "Roberson, Peter T"]
[Result "1-0"]
[WhiteTitle "GM"]
[BlackTitle "IM"]
[WhiteElo "2668"]
[BlackElo "2397"]
[WhiteTeam "Amsterdam Mosquitos"]
[BlackTeam "London Towers"]
[WhiteFideId "1000268"]
[BlackFideId "412384"]
[EventDate "2017.03.01"]

1. d4 Nf6 2. c4 e6 3. g3 c5 4. d5 exd5 5. cxd5 d6 6. Nc3 g6 7. Bg2 Bg7 8. Nf3
O-O 9. O-O Nbd7 10. h3 Nh5 11. g4 Nhf6 12. Bf4 Qe7 13. Qd2 h5 14. g5 Ne8 15. Bg3
a6 16. a4 Rb8 17. e4 b5 18. axb5 axb5 19. Rfe1 b4 20. Nd1 f6 21. gxf6 Bxf6 22.
Ra7 Rb7 23. Ra6 Ne5 24. Nxe5 Bxe5 25. f4 Bd4+ 26. Kh1 Qg7 27. e5 Re7 28. Rc6 Bb7
29. Rb6 Ba8 30. exd6 Rd7 31. Re7 Rxe7 32. dxe7 Qxe7 33. Rxg6+ Ng7 34. Nf2 Qf7
35. Rg5 Bf6 36. Ne4 Bxg5 37. fxg5 Kh8 38. Nf6 Rd8 39. Qd3 Ne8 40. Be5 Nxf6 41.
Bxf6+ Kg8 42. Bxd8 1-0

[Event "PRO League KO Stage 2017"]
[Site "chess.com INT"]
[Date "2017.03.01"]
[Round "1"]
[White "Van Wely, Loek"]
[Black "Jones, Gawain C B"]
[Result "0-1"]
[WhiteTitle "GM"]
[BlackTitle "GM"]
[WhiteElo "2668"]
[BlackElo "2676"]
[WhiteTeam "Amsterdam Mosquitos"]
[BlackTeam "London Towers"]
[WhiteFideId "1000268"]
[BlackFideId "409561"]
[EventDate "2017.03.01"]

1. d4 Nf6 2. c4 g6 3. Nc3 Bg7 4. e4 O-O 5. Be2 d6 6. Nf3 e5 7. Be3 Nbd7 8. O-O
Qe7 9. Qc2 c6 10. d5 c5 11. Ne1 Ne8 12. Nd3 f5 13. exf5 gxf5 14. f4 Nef6 15.
fxe5 Nxe5 16. Nxe5 dxe5 17. Bg5 Qe8 18. Nb5 Qd7 19. Bd3 Ne8 20. Rab1 a6 21. Nc3
Nd6 22. b4 e4 23. Be2 b6 24. Na4 Qc7 25. Be3 Be5 26. bxc5 bxc5 27. Bxc5 Rf6 28.
g3 Qg7 29. Kh1 Rh6 30. Rf2 Bxg3 31. Rg1 f4 32. Bxd6 Rxd6 33. Qxe4 Bd7 34. hxg3
Rh6+ 35. Rh2 Rxh2+ 36. Kxh2 Qh6+ 37. Kg2 Re8 38. Qxf4 Rxe2+ 39. Kf3 Qh2 40. Qg5+
Kf7 41. Qf4+ Ke8 42. Qd4 Bxa4 43. c5 Bb5 44. c6 Qh5+ 45. g4 Qh3+ 46. Kf4 Qh2+
47. Kf3 Qh3+ 48. Kf4 Bd3 49. Qh8+ Kf7 50. Rf1 Qxf1+ 51. Kg5 Qc1+ 52. Kh4 Rh2+
53. Kg3 Qg1+ 54. Kf4 Qf2+ 55. Ke5 Qb2+ 56. Kd6 Qxh8 0-1

[Event "PRO League KO Stage 2017"]
[Site "chess.com INT"]
[Date "2017.03.01"]
[Round "1"]
[White "Ke, Ivan"]
[Black "Toolin, Christopher"]
[Result "1-0"]
[WhiteElo "2219"]
[BlackElo "2189"]
[WhiteTeam "San Jose Hackers"]
[BlackTeam "Dallas Destiny"]
[WhiteFideId "30914477"]
[BlackFideId "2024543"]
[EventDate "2017.03.01"]

1. d4 Nf6 2. c4 e6 3. Nc3 Bb4 4. f3 c5 5. d5 b5 6. e4 bxc4 7. Bxc4 Nxd5 8. Bxd5
exd5 9. Qxd5 O-O 10. Ne2 Qb6 11. Be3 Bb7 12. Qd2 Nc6 13. a3 Bxc3 14. Qxc3 d6 15.
O-O Ba6 16. Rf2 Rab8 17. b4 Bxe2 18. Rxe2 Qb5 19. Rc2 Rbc8 20. bxc5 Na5 21. Qb4
Qa6 22. Rb1 Nc6 23. Qd2 dxc5 24. Bxc5 Rfd8 25. Qe2 Qa4 26. Rbc1 Ne5 27. Bb4 Rb8
28. Rd2 h6 29. Qd1 Qe8 30. Rc7 Rxd2 31. Qxd2 Qe6 32. Qd5 Qb6+ 33. Qc5 Qxc5+ 34.
Bxc5 Nd3 35. h3 Rb1+ 36. Kh2 a6 37. Rc8+ Kh7 38. Bd4 Nf4 39. Be5 Ne6 40. Rc6 a5
41. Ra6 Rb5 42. Bc3 h5 43. Rxa5 Rb3 44. Bb4 Rb2 45. Rxh5+ Kg6 46. Rd5 Nf4 47.
Rf5 Nxg2 48. Kg3 Ne3 49. Rc5 Nf1+ 50. Kf4 Kh6 51. h4 Rh2 52. h5 Rh4+ 53. Kf5
Ne3+ 54. Ke5 Rxh5+ 55. Kd6 Rh2 56. a4 Rb2 57. Bc3 Ra2 58. a5 Ra3 59. Bd2 Kh7 60.
Rc3 Rxc3 61. Bxc3 Nc4+ 62. Kc5 Na3 63. a6 g5 64. a7 Nb1 65. Be5 Nd2 66. a8=Q
Nxf3 67. Qd5 Kg6 68. Qd6+ Kh5 69. Qf6 g4 70. Qxf7+ Kh4 71. Qf4 Ng5 72. Bf6 Kh3
73. Qxg5 g3 74. Be5 g2 75. Qg3# 1-0